00000000nam##2200000za#4500
0019.661778
003CaOODSP
00520200330121800
007ta
008150407|2000||||xxc|||||     f|0| 0 fre|d
020 |a0-662-64902-8
040 |aCaOODSP|bfre
041 |aeng
041 |afre
043 |an-cn---
0861 |aBT22-68/2000
1101 |aCanada. |bConseil du trésor.
24510|aDes résultats pour les Canadiens et les Canadiennes : |bun cadre de gestion pour le gouvernement du Canada
260 |aOttawa - Ontario : |bSecrétariat du Conseil du Trésor du Canada |c2000.
300 |aTexte français, 42p. ; |c28 cm.
500 |a«Ce document présente un cadre de gestion qui, appliqué au sein du gouvernement du Canada, favorisera la mise en oeuvre d'un programme modifiant la façon dont les ministères et les divers organismes fédéraux gèrent et mettent en oeuvre leurs programmes et leurs services.»--Page 1.
5203 |aCe document présente un cadre de gestion qui, appliqué au sein du gouvernement du Canada, favorisera la mise en oeuvre d'un programme modifiant la façon dont les ministères et les divers organismes fédéraux gèrent et mettent en oeuvre leurs programmes et leurs services.--Page 1
546 |aBilingue
563 |aCouverture souple
590 |a00-25|b2000-06-23
69107|aGestion|2gcpds
69107|aInstitution fédérale|2gcpds
69107|aAdministration publique|2gcpds
69107|aFonction publique|2gcpds
7760#|tDes résultats pour les Canadiens et les Canadiennes : |w(CaOODSP)9.637799
7760#|tResults for Canadians : |w(CaOODSP)9.693624
791 |tResults for Canadians : |eeng|w(CaOODSP)9.661777